000 00585nam a2200181 i 4500
001 80725
003 ES-MaACL
005 20230906174300.0
007 t|
008 041029s1969 sp ||||1| spa d
100 1 _aHolmes, Frank.
_964054
245 1 0 _aRoberto Chapman
_b: hermano verdadero y amigo de España /
_cpor Frank Holmes ; traducido por Santos García y Juan Federico.
260 _aMadrid :
_bLiteratura Bíblica,
_c[1969]
300 _a175 p. ;
_c19 cm.
700 1 _aGarcía, Santos.
_954097
700 1 _aFederico, Juan.
_949067
852 _aES-MaACL
_jC-51765
_bR.71980
999 _c80725
_d80725